Bioethics for students / (Record no. 13475)
[ view plain ]
| 000 -LEADER | |
|---|---|
| fixed length control field | 00578nam a22002177a 4500 |
| 003 - CONTROL NUMBER IDENTIFIER | |
| control field | OSt |
| 005 - DATE AND TIME OF LATEST TRANSACTION | |
| control field | 20140310182437.0 |
| 008 - FIXED-LENGTH DATA ELEMENTS--GENERAL INFORMATION | |
| fixed length control field | 130311t xxu||||| |||| 00| 0 eng d |
| 020 ## - INTERNATIONAL STANDARD BOOK NUMBER | |
| International Standard Book Number | 9715063519 |
| 050 ## - LIBRARY OF CONGRESS CALL NUMBER | |
| Classification number | R 724 |
| Item number | .Al172 2006 |
| 100 ## - MAIN ENTRY--PERSONAL NAME | |
| Personal name | Alora, Angeles Tan |
| 9 (RLIN) | 7323 |
| 245 ## - TITLE STATEMENT | |
| Title | Bioethics for students / |
| Statement of responsibility, etc | Angeles Tan Alora. |
| 260 ## - PUBLICATION, DISTRIBUTION, ETC. (IMPRINT) | |
| Place of publication, distribution, etc | Manila : |
| Name of publisher, distributor, etc | UST Publishing House, |
| Date of publication, distribution, etc | c2006. |
| 300 ## - PHYSICAL DESCRIPTION | |
| Extent | 89 p. : |
| Dimensions | 23 cm. |
| 650 ## - SUBJECT ADDED ENTRY--TOPICAL TERM | |
| Topical term or geographic name as entry element | Bioethics. |
| 9 (RLIN) | 7320 |
| 650 ## - SUBJECT ADDED ENTRY--TOPICAL TERM | |
| Topical term or geographic name as entry element | Medical Ethics. |
| 9 (RLIN) | 7324 |
| 942 ## - ADDED ENTRY ELEMENTS (KOHA) | |
| Source of classification or shelving scheme | Library of Congress Classification |
| Koha item type | |
| Withdrawn status | Lost status | Source of classification or shelving scheme | Damaged status | Home library | Current library | Shelving location | Date acquired | Total Checkouts | Full call number | Barcode | Date last seen | Copy number | Price effective from | Koha item type | Total Renewals | Date checked out |
|---|---|---|---|---|---|---|---|---|---|---|---|---|---|---|---|---|
| Library of Congress Classification | South SEED-LPDH College Library | South SEED-LPDH College Library | South SEED-LPDH College Section | 08/03/2013 | R 724 .Al172 2006 | SSLC1144 | 04/20/2017 | 1 | 08/03/2013 | Books | ||||||
| Library of Congress Classification | South SEED-LPDH College Library | South SEED-LPDH College Library | South SEED-LPDH College Section | 03/11/2013 | R 724 .Al172 2006 | SSLC1145 | 04/20/2017 | 2 | 11/06/2013 | Books | ||||||
| Library of Congress Classification | South SEED-LPDH College Library | South SEED-LPDH College Library | South SEED-LPDH College Section | 03/11/2013 | 1 | R 724 .Al172 2006 | SSLC1146 | 04/20/2017 | 3 | 11/06/2013 | Books | 10 | 08/17/2015 |